logo

Bir Sreshtho Munshi Abdur Rouf Library
Jhenaidah Cadet College

Mary Garth : (Record no. 7831)

MARC details
000 -LEADER
fixed length control field 00635nam a22002172i 4500
001 - CONTROL NUMBER
JCCL Control Number 7831
003 - CONTROL NUMBER IDENTIFIER
JCCL marc code BD - JhCC
005 - DATE AND TIME OF LATEST TRANSACTION
control field 20210329134019.0
008 - FIXED-LENGTH DATA ELEMENTS--GENERAL INFORMATION
fixed length control field 500101s1953 xxk 000 0 eng d
035 ## - SYSTEM CONTROL NUMBER
system control number (BD - JhCC)7831
040 ## - CATALOGING SOURCE
Original cataloging agency UKM
Transcribing agency UKM
Modifying agency EQO
-- BD - JhCC
041 ## - LANGUAGE CODE
Language code of Book eng
082 ## - DEWEY DECIMAL CLASSIFICATION NUMBER
Classification number 823.8
DDC Edition number 18
Author mark and Year ELI 1953
100 1# - MAIN ENTRY--PERSONAL NAME
Personal name Eliot, George,
Dates associated with a name 1819-1880.
240 10 - UNIFORM TITLE
Uniform title Middlemarch
245 10 - TITLE STATEMENT
Title Mary Garth :
Remainder of title a romance from "Middlemarch" /
Statement of responsibility, etc adapted from Frederick Page, illustrated by Elizabeth Jackson
260 ## - PUBLICATION, DISTRIBUTION, ETC. (IMPRINT)
Place of publication, distribution, etc Oxford University Press,
Date of publication, distribution, etc 1953
300 ## - PHYSICAL DESCRIPTION
Pagination 170 p. :
Other physical details ill. ;
Dimensions 19 cm
942 ## - ADDED ENTRY ELEMENTS (KOHA)
Source of classification or shelving scheme Dewey Decimal Classification
Koha item type Books
Koha issues (borrowed), all copies 2
Holdings
Source of classification or shelving scheme Damaged status Not for loan Home library Current library Shelving location Total Checkouts Full call number Barcode Checked out Date last seen Date checked out Copy number Koha item type
Dewey Decimal Classification     JCC Rouf Library JCC Rouf Library General Stacks 1 823.8 ELI 1953 10415 05/03/2021 03/28/2021 03/28/2021 C - 1 Books

JCC Library | Contacts | JCC Home

Last Update on 23 September 2017
Copyright @ 2017-2020 JCC Rouf Library
Rouf Library, Jhenidah Cadet College (JCC), Bangladesh